000 01088cam a22001934a 4500
005 20250605164105.0
008 250528s ||||||||||||||||||||||||d
035 _a17718
020 _a9789606698460
040 _aGR-AtMCL
_bgre
_dGR-AtMCL
_eAACR2
245 1 _aΤο Τέλος του Ευρώ / Το Αβέβαιο Μέλλον της Ευρωπαικής Ένωσης
260 _bΗμερησία Α.Ε,
_c2011
300 _a288
520 _aΗ πολιτική ελίτ μετέτρεψε μια εξαιρετική ιδέα - τη διημιουργία ενός ενιαίου νομίσματος - σε ένα τεράστιο ρίσκο. Πρόλογος, Εισαγωγή, Η Μακρά πορεία, Ημιτελείς Διαδικασίες, Καθοδική Πορεία, Το Τελικό Στάδιο (Τώρα, είναι όλα στα χέρια της Γερμανίας), Επίλογος, Ευχαριστίες, Σημειώσεις, Βιβλιογραφία.
700 1 _aVan Overtveldt Joan
_93906
942 _cBK
999 _c3119
_d3119